One Direction Songs A-Z - Statistics

General Stats
  • This quiz has been taken 134 times
  • The average score is 18 of 27
Answer Stats
Hint Answer % Correct
N Na Na Na/ Never enough/ Night Changes/ No Control/ Nobody compares
94%
W What makes you beautiful/ What a feeling/ Walking in the wind/ Wolves/ Why Don't We Go There/ Where do broken hearts go
94%
D Drag me down/ Diana/ Don't forget where you belong/ Does he know?
93%
S Same Mistakes/ Save you tonight/ Stole my heart/ Stand up/ Story of my life/ Strong/ Something great/ Steal my girl/ Spaces/ Stockholm Syndrome/ Summer love/ She's not afraid/ Still the one
92%
L Long way down/ Love you goodbye/ Little black dress/ Little white lies/ Live while we're young/ Little things/ Last first kiss/ Loved you first
87%
O One thing/ Olivia/ Once in a Lifetime/ Over again/ One way Or Another (Teenage Kicks)
85%
B Best song ever/ Better than words/ Back For You
83%
H Hey angel/ History/ Happily/ Half a heart/ Heart attack
83%
I I wish/ I want/ I should have kissed you/ Infinity/ If I could fly/ I want to write you a song/ Illusion/ I would/ Irresistible
83%
K Kiss you
83%
A Another world/ A.M./ Alive/ Act my age
82%
M More than this/ Moments/ Midnight Memories/ Magic
82%
Y You & I
80%
R Right now/ Ready to run/ Rock me
79%
C Clouds/ Change Your Ticket/ C'mon C'mon/ Change my mind
77%
T Tell Me a Lie/ Taken/ Temporary fix/ Through the dark/ They don't know about us/ Truly Madly Deeply
77%
F Fool's Gold/ Fireproof
74%
P Perfect
73%
G Gotta be you/ Girl Almighty
70%
E Everything about you/ End of the day
67%
U Up all night
62%
# 18
61%
J (None) 1D
17%
Q (None) 1D
17%
V(None) 1D
17%
X (None) 1D
17%
Z (None) 1D
17%
No matching quizzes found
Score Distribution
Percent of People with Each Score
Percentile by Number Answered
Your Score History
You have not taken this quiz